000 00454nam a2200169Ia 4500
005 20251020182527.0
008 200515s9999 xx 000 0 und d
082 _a693.931(85)/T33
245 0 _aBuena tierra : apuntes para el diseño y construcción con adobe : consideraciones sismo resistentes
260 _aLima
260 _c2001
300 _aTEJADA SCHMIDT, Urbano
500 _a1 ejemplar
650 _aADOBE
650 _aLIB
942 _cLIB
999 _c1959
_d1959